[Event "ch-RUS Blitz 2017"]
[Site "Sochi RUS"]
[Date "2017.10.02"]
[Round "15.18"]
[White "Nechaev, Oleg"]
[Black "Bocharov, Dmitry"]
[Result "0-1"]
[WhiteTitle "FM"]
[BlackTitle "GM"]
[WhiteElo "2410"]
[BlackElo "2585"]
[WhiteFideId "24113409"]
[BlackFideId "4138716"]
[EventDate "2017.10.02"]
[EventType "blitz"]

1. c4 c5 2. Nc3 g6 3. g3 Bg7 4. Bg2 Nc6 5. e4 Nf6 6. Nge2 O-O 7. d3 d6 8. O-O a6
9. Rb1 Rb8 10. a4 Ne8 11. Be3 Nd4 12. b4 Nc7 13. Qd2 Bd7 14. b5 axb5 15. axb5
Nce6 16. Bh6 Ra8 17. Bxg7 Kxg7 18. Nxd4 Nxd4 19. Ne2 Nxe2+ 20. Qxe2 e5 21. Ra1
Qg5 22. f4 exf4 23. gxf4 Qe7 24. Qb2+ Kg8 25. d4 Rxa1 26. Qxa1 cxd4 27. Qxd4 Rc8
28. Rd1 Bg4 29. Qxd6 Qh4 30. Rf1 Be2 31. Rc1 Rxc4 32. Qb8+ Kg7 33. Qe5+ Kh6 34.
Ra1 Rc2 35. b6 Bd3 36. Qg5+ Qxg5 37. fxg5+ Kxg5 38. e5 Ba6 39. Bd5 Re2 0-1

[Event "ch-RUS Blitz 2017"]
[Site "Sochi RUS"]
[Date "2017.10.02"]
[Round "15.19"]
[White "Dzhumagaliev, Yan"]
[Black "Rakhmanov, Aleksandr"]
[Result "1-0"]
[WhiteTitle "FM"]
[BlackTitle "GM"]
[WhiteElo "2400"]
[BlackElo "2669"]
[WhiteFideId "24100110"]
[BlackFideId "4173708"]
[EventDate "2017.10.02"]
[EventType "blitz"]

1. h4 Nf6 2. h5 h6 3. d4 d5 4. Nf3 c6 5. c4 Bf5 6. Nc3 e6 7. Qb3 Qb6 8. c5 Qc7
9. Bf4 Qc8 10. e3 Be7 11. Be2 Nbd7 12. Nh4 Bh7 13. g4 b6 14. cxb6 axb6 15. g5
hxg5 16. Bxg5 b5 17. Rc1 Qd8 18. a3 Nb6 19. Nf3 Nc4 20. Ne5 Nxe5 21. dxe5 Nd7
22. Bf4 Nc5 23. Qd1 Qb6 24. Rg1 Rg8 25. Na2 Ne4 26. f3 Nc5 27. Nb4 Rc8 28. Kf1
Bf5 29. Qd4 Rb8 30. Bg5 Bxg5 31. Rxg5 Nb3 32. Qxb6 Rxb6 33. Rxc6 Rxc6 34. Nxc6
Nd2+ 35. Kf2 Nc4 36. Nd4 Bh7 37. Nxb5 Nxb2 38. Rg1 Ke7 39. Rc1 Rb8 40. Rc7+ Kd8
41. Rxf7 Bd3 42. Nd6 Rb3 43. Rxg7 Rxa3 44. h6 Ra1 45. h7 Bxh7 46. Rxh7 Nd3+ 47.
Bxd3 1-0

[Event "ch-RUS Blitz 2017"]
[Site "Sochi RUS"]
[Date "2017.10.02"]
[Round "15.20"]
[White "Gubsky, Egor"]
[Black "Sarana, Alexey"]
[Result "0-1"]
[WhiteTitle "FM"]
[BlackTitle "GM"]
[WhiteElo "2303"]
[BlackElo "2541"]
[WhiteFideId "4194055"]
[BlackFideId "24133795"]
[EventDate "2017.10.02"]
[EventType "blitz"]

1. d4 Nf6 2. c4 g6 3. Nc3 d5 4. Bg5 Ne4 5. Bh4 c5 6. cxd5 Nxc3 7. bxc3 Qxd5 8.
Nf3 Nc6 9. e3 cxd4 10. cxd4 e5 11. Be2 Bb4+ 12. Kf1 exd4 13. Nxd4 O-O 14. Bf3
Qc4+ 15. Qe2 Qxe2+ 16. Kxe2 Nxd4+ 17. exd4 Re8+ 18. Kd3 Bf5+ 19. Kc4 Ba3 20.
Bxb7 Rab8 21. Bc6 Rb4+ 22. Kc3 Re2 23. Rac1 a5 24. Bf3 Bb2# 0-1

[Event "ch-RUS Blitz 2017"]
[Site "Sochi RUS"]
[Date "2017.10.02"]
[Round "15.21"]
[White "Nazaretyan, Tigran"]
[Black "Rozum, Ivan"]
[Result "0-1"]
[BlackTitle "GM"]
[WhiteElo "2303"]
[BlackElo "2590"]
[WhiteFideId "24162345"]
[BlackFideId "24104272"]
[EventDate "2017.10.02"]
[EventType "blitz"]

1. d4 Nf6 2. c4 c5 3. d5 e5 4. Nc3 d6 5. e4 Be7 6. g3 O-O 7. Bg2 Ne8 8. Nge2 Nd7
9. O-O g6 10. a3 Ng7 11. b4 b6 12. Rb1 f5 13. f4 exf4 14. Nxf4 Ne5 15. bxc5 bxc5
16. exf5 Bxf5 17. Ne6 Nxe6 18. dxe6 Bxb1 19. Rxf8+ Qxf8 20. Bxa8 Qxa8 21. Nxb1
Qf3 22. Qd5 Qb3 23. Qa8+ Kg7 24. Qxa7 Nc6 25. Qd7 Qxb1 26. Qxc6 Qxc1+ 27. Kg2
Qxa3 28. Qe8 Qb2+ 29. Kh3 Qf6 30. Qd7 h5 31. Kg2 g5 32. h3 g4 33. hxg4 hxg4 34.
Qc8 Qf3+ 35. Kh2 Qf2+ 36. Kh1 Qf1+ 37. Kh2 Qh3+ 38. Kg1 Qxg3+ 39. Kf1 Qf4+ 40.
Kg2 Qf3+ 41. Kg1 Qe3+ 42. Kg2 Qe4+ 43. Kg3 Qf3+ 44. Kh2 g3+ 45. Kh3 g2+ 46. Kh2
Qf1 0-1

[Event "ch-RUS Blitz 2017"]
[Site "Sochi RUS"]
[Date "2017.10.02"]
[Round "15.22"]
[White "Novikov, Maxim"]
[Black "Alexeev, Alexey"]
[Result "1/2-1/2"]
[WhiteTitle "GM"]
[BlackTitle "IM"]
[WhiteElo "2501"]
[BlackElo "2299"]
[WhiteFideId "4161289"]
[BlackFideId "14106663"]
[EventDate "2017.10.02"]
[EventType "blitz"]

1. e4 e5 2. Nf3 Nc6 3. Bc4 Bc5 4. d3 Nf6 5. Nc3 d6 6. Be3 Bxe3 7. fxe3 O-O 8.
O-O Be6 9. Bb3 Bxb3 10. axb3 d5 11. exd5 Nxd5 12. Qe1 Ndb4 13. Rc1 f5 14. Qh4
Qxh4 15. Nxh4 f4 16. exf4 exf4 17. Nf3 Rae8 18. Kf2 h6 19. h4 Ne5 20. Nxe5 Rxe5
21. Ne4 Nd5 22. Rh1 Ref5 23. Kf3 g5 24. hxg5 hxg5 25. Rh6 g4+ 26. Kxg4 f3 27.
gxf3 Ne3+ 28. Kh3 Rxf3+ 29. Ng3 Rxg3+ 30. Kxg3 Nf5+ 31. Kf4 Nxh6+ 32. Ke5 Rf2
33. Ke6 Ng4 34. Kd7 Rf7+ 35. Kc8 b6 36. b4 a5 37. bxa5 bxa5 38. Ra1 Ne3 39. Rxa5
Nxc2 40. Rc5 Nb4 41. Rxc7 1/2-1/2

[Event "ch-RUS Blitz 2017"]
[Site "Sochi RUS"]
[Date "2017.10.02"]
[Round "15.23"]
[White "Kryakvin, Dmitry"]
[Black "Domogaev, Sergey"]
[Result "1-0"]
[WhiteTitle "GM"]
[BlackTitle "GM"]
[WhiteElo "2583"]
[BlackElo "2408"]
[WhiteFideId "4153278"]
[BlackFideId "24103608"]
[EventDate "2017.10.02"]
[EventType "blitz"]

1. d4 Nf6 2. Bg5 Ne4 3. Bf4 d5 4. e3 e6 5. Bd3 Bd6 6. Bg3 f5 7. Nf3 Nd7 8. c4
Bb4+ 9. Nbd2 O-O 10. a3 Be7 11. O-O c6 12. b4 Nxg3 13. hxg3 Bd6 14. b5 Kh8 15.
bxc6 bxc6 16. Qa4 Nb6 17. Qc2 Bb8 18. a4 Ba6 19. a5 Nd7 20. cxd5 Bxd3 21. Qxd3
cxd5 22. Rfc1 Bd6 23. Rc6 Qe7 24. Rb1 Nb8 25. Rc2 Qd8 26. a6 Kg8 27. Rb7 h6 28.
Qb5 Qe8 29. Qa5 Qd8 30. Qa4 Qe8 31. Ra2 Qxa4 32. Rxa4 Rc8 33. Nb3 Rc6 34. Ne5
Bxe5 35. dxe5 Nxa6 36. Kh2 Rb6 37. Rxb6 axb6 38. Nd4 Kf7 39. Ra1 Nc7 40. Rc1 Ne8
41. Rc6 Rb8 42. Rxe6 b5 43. Ra6 b4 44. Ra7+ Kg8 45. Nb3 g5 46. f4 Ng7 47. Ra5
Ne6 48. Rxd5 Kf7 49. Rd7+ Ke8 50. Rh7 Rb5 51. Rxh6 Kf7 52. Rf6+ Ke7 53. Rxf5 Rd5
54. Rf6 g4 55. Rh6 Rd1 56. Rh7+ Ke8 57. Rb7 Rd3 58. Rxb4 Rxe3 59. f5 Ng7 60. f6
Ne6 61. Nd4 Ng5 62. Rb8+ Kf7 63. Rb7+ Kf8 64. Nc6 Re2 65. Kg1 Rc2 66. Nd4 Rc4
67. e6 Nxe6 68. Nxe6+ 1-0

[Event "ch-RUS Blitz 2017"]
[Site "Sochi RUS"]
[Date "2017.10.02"]
[Round "15.24"]
[White "Mnatsakanian, Arsen"]
[Black "Kozak, Alexander"]
[Result "0-1"]
[BlackTitle "FM"]
[WhiteElo "2200"]
[BlackElo "2315"]
[WhiteFideId "24189820"]
[BlackFideId "4135881"]
[EventDate "2017.10.02"]
[EventType "blitz"]

1. e4 d5 2. exd5 Nf6 3. Nc3 Nxd5 4. Bc4 Nb6 5. Bb3 c5 6. d3 Nc6 7. Nf3 Bf5 8.
O-O e6 9. a4 Na5 10. Ba2 c4 11. d4 Bb4 12. Ne2 O-O 13. Bd2 Nc6 14. c3 Be7 15.
Bb1 Bxb1 16. Qxb1 Na5 17. Nc1 Qd5 18. Re1 Bf6 19. Bf4 Rac8 20. Be5 Be7 21. Qc2
Rfd8 22. Qd2 Qc6 23. Bg3 Nxa4 24. Ne5 Qe8 25. Qc2 b5 26. f4 g6 27. f5 gxf5 28.
Bf4 Nc6 29. Re3 Nxe5 30. Bxe5 f6 31. Bf4 Qf7 32. Qe2 Rc6 33. Qf2 Kh8 34. Ne2 Bf8
35. d5 Rxd5 36. Nd4 Rb6 37. Rae1 Nc5 38. Qg3 Ne4 39. Qh4 e5 40. Nxf5 exf4 41.
Rxe4 Rxf5 42. Re8 Rb7 43. Qh6 Kg8 44. Rd8 Re5 45. Rxe5 fxe5 46. Qg5+ Qg7 47. Qf5
Re7 48. Qe4 Qf7 49. h4 Kg7 50. h5 Re6 51. Rb8 Bc5+ 0-1

[Event "ch-RUS Blitz 2017"]
[Site "Sochi RUS"]
[Date "2017.10.02"]
[Round "15.25"]
[White "Triapishko, Alexandr"]
[Black "Bublei, Pavel"]
[Result "0-1"]
[WhiteTitle "IM"]
[BlackTitle "FM"]
[WhiteElo "2500"]
[BlackElo "2387"]
[WhiteFideId "14122286"]
[BlackFideId "24112593"]
[EventDate "2017.10.02"]
[EventType "blitz"]

1. d4 d5 2. Nc3 c5 3. Bg5 h6 4. Bh4 Nf6 5. e3 e6 6. Bb5+ Bd7 7. Bxf6 Qxf6 8. Nf3
cxd4 9. Qxd4 Qxd4 10. Nxd4 a6 11. Bxd7+ Nxd7 12. O-O-O Rc8 13. Nce2 Be7 14. c3
Nc5 15. Kb1 b5 16. f3 Na4 17. Ng3 O-O 18. e4 Rfd8 19. Nde2 Nb6 20. Nf4 dxe4 21.
Nxe4 Nc4 22. Rhe1 a5 23. b3 Nb6 24. Rxd8+ Rxd8 25. Kc2 a4 26. Rd1 axb3+ 27. axb3
Ra8 28. Kb2 Ba3+ 29. Kb1 Be7 30. Rd2 Rc8 31. Kb2 Ra8 32. Nd3 Nd5 33. g3 Ba3+ 34.
Kb1 f5 35. Nec5 Nxc3+ 36. Kc2 Nd5 37. Nxe6 Ne3+ 38. Kb1 Rc8 39. Nd4 Nd5 40. Rc2
Nc3+ 41. Ka1 b4 42. Nb5 Rd8 43. Nxc3 Rxd3 44. Nb5 Rxb3 45. f4 Re3 46. Nxa3 bxa3
47. Ka2 Kf7 48. Rc5 Kg6 49. Rc2 Kh5 50. Rc7 g6 51. Rc2 g5 52. Rf2 Kg4 53. Ka1
Rf3 54. Rc2 gxf4 55. gxf4 Kxf4 56. Rc6 h5 57. Rc4+ Kg5 58. h4+ Kf6 59. Rc6+ Ke5
60. Rh6 Rh3 61. Rxh5 Ke4 62. Rh8 f4 63. h5 f3 64. h6 f2 65. Rf8 Rh1+ 66. Ka2
f1=Q 0-1

[Event "ch-RUS Blitz 2017"]
[Site "Sochi RUS"]
[Date "2017.10.02"]
[Round "15.26"]
[White "Smagin, Sergey"]
[Black "Murzin, Volodar"]
[Result "0-1"]
[WhiteTitle "GM"]
[BlackTitle "FM"]
[WhiteElo "2551"]
[BlackElo "2280"]
[WhiteFideId "4100425"]
[BlackFideId "44155573"]
[EventDate "2017.10.02"]
[EventType "blitz"]

1. e4 c5 2. c3 d6 3. d4 Nf6 4. Bd3 cxd4 5. cxd4 Nc6 6. Nf3 g6 7. h3 Bg7 8. Nc3
O-O 9. O-O e5 10. d5 Ne7 11. Re1 Nd7 12. Bf1 h6 13. Nb5 Nb6 14. a4 a6 15. Na3 f5
16. a5 fxe4 17. Nd2 e3 18. fxe3 Nbxd5 19. Ne4 Kh7 20. Nc4 Be6 21. Ncxd6 Rb8 22.
Bd2 Bg8 23. Be2 Nf5 24. Nxf5 gxf5 25. Ng3 e4 26. Rb1 Qg5 27. Nf1 Rbd8 28. Qc1
Rc8 29. Qd1 Rfd8 30. Qa4 Kh8 31. Red1 Qg6 32. Kh1 Qc6 33. Qa3 Qg6 34. Rbc1 Nf6
35. Rxc8 Rxc8 36. Bc3 Nh5 37. Bxg7+ Qxg7 38. Qd6 Nf6 39. b4 Rc2 40. Rd2 Rxd2 41.
Qxd2 Qd7 42. Qc3 Kg7 43. Ng3 Kg6 44. Bf1 Nd5 45. Qd4 Nf6 46. Qb6 Bd5 47. Ne2 Qc6
48. Nf4+ Kf7 49. Qd8 Qc1 50. Nxd5 Qxf1+ 51. Kh2 Nxd5 52. Qxd5+ Kg6 53. Qxb7 h5
54. Qxa6+ Qxa6 0-1

[Event "ch-RUS Blitz 2017"]
[Site "Sochi RUS"]
[Date "2017.10.02"]
[Round "15.27"]
[White "Kezin, Roman"]
[Black "Utnasunov, Alexander"]
[Result "1-0"]
[WhiteTitle "FM"]
[WhiteElo "2455"]
[BlackElo "2446"]
[WhiteFideId "24124621"]
[BlackFideId "4134524"]
[EventDate "2017.10.02"]
[EventType "blitz"]

1. d4 d5 2. c4 c6 3. Nc3 Nf6 4. e3 e6 5. Nf3 Nbd7 6. Bd3 dxc4 7. Bxc4 b5 8. Be2
Bb7 9. O-O Bd6 10. Qc2 a6 11. e4 e5 12. Rd1 Qe7 13. dxe5 Nxe5 14. Nd4 g6 15. f4
Neg4 16. e5 Bxe5 17. fxe5 Qxe5 18. Bxg4 Nxg4 19. Qe4 c5 20. Qxg4 1-0

[Event "ch-RUS Blitz 2017"]
[Site "Sochi RUS"]
[Date "2017.10.02"]
[Round "15.28"]
[White "Lugovskoy, Maxim"]
[Black "Tsoi, Dmitry"]
[Result "0-1"]
[WhiteTitle "GM"]
[BlackTitle "FM"]
[WhiteElo "2474"]
[BlackElo "2361"]
[WhiteFideId "24126454"]
[BlackFideId "24194697"]
[EventDate "2017.10.02"]
[EventType "blitz"]

1. d4 Nf6 2. Nc3 d5 3. Bf4 e6 4. Nb5 Na6 5. e3 c6 6. Nc3 Nc7 7. Qf3 Bd6 8. Bxd6
Qxd6 9. Qg3 Qxg3 10. hxg3 O-O 11. Nf3 Nce8 12. Bd3 Nd6 13. Ne5 g6 14. O-O-O Nd7
15. Rh6 Kg7 16. Rdh1 Rh8 17. f4 Ne8 18. g4 Nf8 19. g5 Nd6 20. g4 Bd7 21. Ne2 Be8
22. Ng3 Rc8 23. f5 c5 24. c3 b6 25. Ne2 Bb5 26. Bxb5 Nxb5 27. Rf1 Rc7 28. Rh3
Nd6 29. Ng3 exf5 30. gxf5 Nxf5 31. Rxf5 gxf5 32. Nxf5+ Kg8 33. Ng4 Ne6 34. Nf6+
Kf8 35. Nxh7+ Rxh7 36. Rxh7 Kg8 37. Rh5 cxd4 38. exd4 b5 39. Kd2 b4 40. Ne3
bxc3+ 41. bxc3 Rb7 42. Ng4 Rb2+ 43. Ke3 Rxa2 44. Nf6+ Kg7 45. Nxd5 Rg2 46. Rh1
Rg3+ 47. Kd2 Nxg5 48. Re1 Nf3+ 49. Ke2 Nxe1 50. Kxe1 Rg5 51. c4 Rg4 52. Ne3 Re4
53. Kd2 Rxd4+ 54. Kc3 Rd8 55. c5 Kf6 56. Kc4 Ke6 57. Kb5 Rb8+ 58. Kc6 Rc8+ 59.
Kb5 f5 60. c6 f4 61. Nc2 Kd6 62. Nd4 Kd5 63. Nf5 Rb8+ 64. Ka6 Kxc6 65. Kxa7 Rf8
66. Nd4+ Kd5 67. Nf3 Ke4 68. Ng5+ Ke3 69. Ne6 Rf7+ 0-1

[Event "ch-RUS Blitz 2017"]
[Site "Sochi RUS"]
[Date "2017.10.02"]
[Round "16.2"]
[White "Demidov, Mikhail"]
[Black "Dubov, Daniil"]
[Result "1/2-1/2"]
[WhiteTitle "IM"]
[BlackTitle "GM"]
[WhiteElo "2521"]
[BlackElo "2666"]
[WhiteFideId "4197143"]
[BlackFideId "24126055"]
[EventDate "2017.10.02"]
[EventType "blitz"]

1. Nf3 c5 2. g3 Nc6 3. Bg2 g6 4. O-O Bg7 5. c3 e5 6. d3 d5 7. e4 Nge7 8. Nbd2
O-O 9. exd5 Nxd5 10. Re1 Re8 11. Nc4 Nb6 12. Be3 Nxc4 13. dxc4 e4 14. Qxd8 Rxd8
15. Ng5 f5 16. Rad1 Rxd1 17. Rxd1 h6 18. Nh3 g5 19. Bxc5 Be6 20. b3 Bxc3 21. f4
Bf6 22. Be3 g4 23. Nf2 Nb4 24. Rd2 Kf7 25. Nd1 a5 26. Bf1 a4 27. Bc5 axb3 28.
axb3 Nc6 29. b4 b6 30. Bxb6 Nxb4 31. Ne3 Ra3 32. Kf2 Bc3 33. Rd1 Ra2+ 34. Kg1
Bd2 35. Bc5 Nc6 36. Rb1 Ra5 37. Rb5 Ra1 38. Rb7+ Kf6 39. Nd5+ Bxd5 40. cxd5 e3
41. Kg2 Ra2 42. Bc4 Rc2 43. Bd3 Rxc5 44. dxc6 Rxc6 45. Rb5 Rc3 46. Rxf5+ Ke6 47.
Re5+ Kd6 48. Be2 Rc2 49. Kf1 Rc1+ 50. Kg2 Rc2 51. Kf1 Rc1+ 52. Kg2 Rc2 53. Kf1 1/2-1/2

[Event "ch-RUS Blitz 2017"]
[Site "Sochi RUS"]
[Date "2017.10.02"]
[Round "16.3"]
[White "Zvjaginsev, Vadim"]
[Black "Sjugirov, Sanan"]
[Result "1-0"]
[WhiteTitle "GM"]
[BlackTitle "GM"]
[WhiteElo "2643"]
[BlackElo "2650"]
[WhiteFideId "4113403"]
[BlackFideId "4189302"]
[EventDate "2017.10.02"]
[EventType "blitz"]

1. e4 c5 2. Nf3 d6 3. Bd3 g6 4. O-O Bg7 5. Re1 Nc6 6. Bb5 Bd7 7. c3 a6 8. Bxc6
Bxc6 9. d4 cxd4 10. cxd4 Nf6 11. Nc3 O-O 12. d5 Bd7 13. e5 dxe5 14. Nxe5 Rc8 15.
h3 Ne8 16. Qe2 Nd6 17. Nxd7 Qxd7 18. Qxe7 Qxe7 19. Rxe7 Rfe8 20. Rxe8+ Rxe8 21.
Bf4 Nc4 22. d6 Rd8 23. Re1 Bf8 24. Ne4 f5 25. Bg5 fxe4 26. Bxd8 Nxd6 27. b3 Kf7
28. Bc7 Nb5 29. Be5 1-0

[Event "ch-RUS Blitz 2017"]
[Site "Sochi RUS"]
[Date "2017.10.02"]
[Round "16.4"]
[White "Khismatullin, Denis"]
[Black "Savchenko, Boris"]
[Result "1/2-1/2"]
[WhiteTitle "GM"]
[BlackTitle "GM"]
[WhiteElo "2628"]
[BlackElo "2581"]
[WhiteFideId "4142578"]
[BlackFideId "4147332"]
[EventDate "2017.10.02"]
[EventType "blitz"]

1. Nf3 Nf6 2. c4 g6 3. Nc3 Bg7 4. g3 O-O 5. Bg2 d6 6. O-O e5 7. d4 exd4 8. Nxd4
Re8 9. b3 Nbd7 10. Bb2 Nc5 11. Qc2 a5 12. e3 c6 13. Rfd1 Bg4 14. Rd2 Qc8 15. Re1
h5 16. h4 Bh3 17. Rdd1 Bxg2 18. Kxg2 Ng4 19. a3 Qc7 20. b4 axb4 21. axb4 Ne6 22.
Nce2 Ra2 23. Qb3 Rxb2 24. Qxb2 Qe7 25. Qc2 Qf6 26. Nf3 Nc7 27. Nf4 Qc3 28. Re2
Rxe3 29. Qxc3 Rxc3 30. Re7 Na6 31. Rxd6 Rc2 32. Rd2 Rxd2 33. Nxd2 b5 34. cxb5
cxb5 35. Nd5 Nxb4 36. Re8+ Kh7 37. Nxb4 Bc3 38. Ne4 Bxb4 39. Rb8 Ba3 40. Rxb5
Kg7 41. Rb7 Nh6 42. Kf3 Nf5 43. Rd7 Bb4 44. Ke2 Kg8 45. Kd3 Ba3 46. Ng5 Nh6 47.
Ke2 Bb4 48. Rb7 Ba3 49. Nf3 Kg7 50. Ne5 Kg8 51. Kd3 Bc5 52. Ke2 Ba3 53. Nc4 Bc5
54. Rc7 Bb4 55. Kd3 Ng4 56. f3 Nh6 57. Ke4 Nf5 58. Ne5 Nxg3+ 59. Kf4 Bd6 60.
Rc8+ Kg7 61. Kxg3 1/2-1/2

[Event "ch-RUS Blitz 2017"]
[Site "Sochi RUS"]
[Date "2017.10.02"]
[Round "16.5"]
[White "Grachev, Boris"]
[Black "Morozevich, Alexander"]
[Result "0-1"]
[WhiteTitle "GM"]
[BlackTitle "GM"]
[WhiteElo "2654"]
[BlackElo "2676"]
[WhiteFideId "4129199"]
[BlackFideId "4116992"]
[EventDate "2017.10.02"]
[EventType "blitz"]

1. d4 Nf6 2. Nf3 d6 3. c4 g6 4. g3 Bg7 5. Bg2 O-O 6. Nc3 c5 7. d5 e6 8. O-O exd5
9. cxd5 Re8 10. Nd2 Nbd7 11. h3 a6 12. a4 Rb8 13. Nc4 Ne5 14. Na3 Nh5 15. Bd2
Bd7 16. Rb1 f5 17. b4 Qc7 18. bxc5 Qxc5 19. Qb3 Nxg3 20. Rfc1 Nf7 21. e3 Bxc3
22. fxg3 Bxd2 23. Rxc5 Bxe3+ 24. Kh1 Bxc5 25. Nc4 b5 26. Na5 Re3 27. Qb2 Rbe8
28. h4 Re1+ 29. Bf1 bxa4 30. Nc6 a3 31. Qa1 Rxb1 32. Qxb1 Ne5 33. Qb3 Ng4 34.
Bc4 Re1+ 35. Kg2 Ne3+ 36. Kf3 Nxc4 37. Qxc4 Re3+ 38. Kg2 Be8 39. Qxa6 Bf7 40.
Qa8+ Kg7 41. Nd8 Re8 42. Ne6+ Kf6 43. Qa4 Bxe6 44. Qxe8 Bxd5+ 45. Kh2 a2 46.
Qh8+ Ke7 47. Qxh7+ Bf7 48. Qg7 Bb6 49. Qb2 Bd8 50. h5 gxh5 51. Qe2+ Be6 52. Qb2
Kf7 53. Qb7+ Be7 54. Qa7 Bd5 55. Qd4 Ke6 56. Qe3+ Kf7 57. Qd4 Be6 58. Qa7 Bc4
59. Qd4 d5 60. Qa7 Ke6 61. Qe3+ Kd6 62. Qb6+ Kd7 63. Qb7+ Ke6 64. Qc8+ Ke5 65.
Qc7+ Bd6 66. Qa7 Ke4 67. Qg1 f4 68. Qe1+ Kf5 69. gxf4 Bxf4+ 70. Kh3 Be5 71. Qf2+
Ke6 72. Qb6+ Kf7 73. Qa7+ Kf6 74. Qb6+ Kg5 75. Qg1+ Kf5 76. Qf2+ Kg6 77. Qg1+
Kh7 78. Qg5 a1=Q 79. Qf5+ Kg7 0-1

[Event "ch-RUS Blitz 2017"]
[Site "Sochi RUS"]
[Date "2017.10.02"]
[Round "16.6"]
[White "Alekseev, Evgeny"]
[Black "Tsydypov, Zhamsaran"]
[Result "1/2-1/2"]
[WhiteTitle "GM"]
[BlackTitle "IM"]
[WhiteElo "2622"]
[BlackElo "2529"]
[WhiteFideId "4138147"]
[BlackFideId "4108566"]
[EventDate "2017.10.02"]
[EventType "blitz"]

1. e4 c5 2. Nf3 d6 3. d4 cxd4 4. Qxd4 Bd7 5. Be2 Nc6 6. Qe3 g6 7. O-O Bg7 8. h3
Nf6 9. c4 O-O 10. Nc3 Nb4 11. Rb1 a6 12. b3 Nh5 13. Bb2 Nc6 14. Nd5 Bxb2 15.
Rxb2 Rb8 16. Rd1 Be6 17. e5 Ng7 18. exd6 exd6 19. Qf4 Nh5 20. Qh6 Bxd5 21. Rxd5
Nf6 22. Rd1 Ne4 23. Qf4 Re8 24. Bd3 Nf6 25. Bf1 d5 26. cxd5 Nxd5 27. Qc4 Qf6 28.
Rbd2 Nf4 29. Rd6 Qf5 30. Kh2 Nxh3 31. Nh4 Qxf2 32. Kxh3 Re5 33. Qg4 h5 34. Qg3
Re3 35. Nf3 Qc2 36. R6d2 Qf5+ 37. Kh2 Rbe8 38. Qh3 Qf4+ 39. Kh1 R3e7 40. Qh2 Qf6
41. Bc4 Qf5 42. Qh3 Qf4 43. Rf2 Re3 44. Rff1 R8e7 45. Qh2 Qg4 46. Rd2 R3e4 47.
Rdf2 Kg7 48. Nd2 Re1 49. Rxf7+ Rxf7 50. Rxe1 Rf2 51. Nf3 Rxa2 52. Rf1 Kh6 53.
Ng1 Nd4 54. Qf4+ Qxf4 55. Rxf4 Nf5 56. Nf3 Ne3 57. g3 Nf5 58. Ne5 Nxg3+ 59. Kg1
Kg5 60. Rf3 h4 61. Nf7+ Kh5 62. Ne5 Kh6 63. Bd3 g5 64. Rf6+ Kg7 65. Rg6+ Kf8 66.
Rxg5 Ke7 67. Rg6 Nh5 68. Rg4 h3 69. Rh4 Rg2+ 70. Kf1 Ng3+ 71. Ke1 h2 72. Ng6+
Kf6 73. Nf4 Rb2 74. Nh5+ Kg5 75. Rxh2 Rxh2 76. Nxg3 Rh3 77. Ne4+ Kf4 78. Kd2 Ke5
79. Nc5 Kd4 80. Ne6+ Ke5 81. Nc5 Kd4 82. Ne6+ Ke5 83. Nc5 1/2-1/2

[Event "ch-RUS Blitz 2017"]
[Site "Sochi RUS"]
[Date "2017.10.02"]
[Round "16.8"]
[White "Inarkiev, Ernesto"]
[Black "Kobalia, Mikhail"]
[Result "1-0"]
[WhiteTitle "GM"]
[BlackTitle "GM"]
[WhiteElo "2694"]
[BlackElo "2596"]
[WhiteFideId "4162722"]
[BlackFideId "4119150"]
[EventDate "2017.10.02"]
[EventType "blitz"]

1. e4 e5 2. Nf3 Nc6 3. Bc4 Bc5 4. O-O Nf6 5. d3 a6 6. c3 d6 7. Re1 O-O 8. Bb3 h6
9. Nbd2 Ng4 10. Re2 Kh8 11. h3 Nf6 12. Nf1 Nh5 13. d4 exd4 14. cxd4 Ba7 15. Be3
Na5 16. Bc2 Nc4 17. Bc1 b5 18. a4 Nb6 19. d5 Nxa4 20. Bxa4 bxa4 21. Nd4 Qf6 22.
Rxa4 Bd7 23. Nc6 Bxc6 24. dxc6 Bb6 25. Rc2 Qg6 26. Ne3 Nf4 27. Qf3 Nd3 28. Nd5
Ne1 29. Qg4 Qxg4 30. hxg4 Nxc2 31. Rc4 Na1 32. Nxb6 cxb6 33. Rc3 a5 34. Bf4 Rac8
35. Bxd6 Rfd8 36. e5 a4 37. c7 Rd7 38. Rc4 b5 39. Rc5 b4 40. Rb5 a3 41. Rxb4 a2
42. Ra4 Nb3 43. Rxa2 Rcxc7 44. Bxc7 Rxc7 45. Ra3 Nd2 46. Kh2 Nc4 47. Rc3 Rc8 48.
f4 Kg8 49. Kg3 Kf8 50. f5 Ke7 51. Kf4 Kd7 52. b3 Nb6 53. Rxc8 Nxc8 54. g5 hxg5+
55. Kxg5 Ke7 56. b4 Na7 57. e6 fxe6 58. fxe6 Nc6 59. Kg6 Kf8 60. b5 Ne7+ 61. Kh7
Nd5 62. b6 1-0

[Event "ch-RUS Blitz 2017"]
[Site "Sochi RUS"]
[Date "2017.10.02"]
[Round "16.9"]
[White "Hasangatin, Ramil"]
[Black "Pridorozhni, Aleksei"]
[Result "1/2-1/2"]
[WhiteTitle "GM"]
[BlackTitle "GM"]
[WhiteElo "2496"]
[BlackElo "2565"]
[WhiteFideId "4122160"]
[BlackFideId "4127870"]
[EventDate "2017.10.02"]
[EventType "blitz"]

1. e4 c5 2. Nf3 e6 3. g3 Nc6 4. Bg2 Nf6 5. d3 d5 6. Qe2 g6 7. Bg5 dxe4 8. dxe4
h6 9. Bc1 Bg7 10. c3 O-O 11. O-O Qc7 12. Re1 b6 13. Na3 Bb7 14. Qc2 Rad8 15. Nc4
b5 16. Bf4 Qe7 17. Nce5 Nxe5 18. Bxe5 Rd7 19. a4 b4 20. Nd2 Rfd8 21. Nc4 Ba6 22.
Bf1 Bxc4 23. Bxc4 Rd2 24. Qc1 Nh5 25. Bxg7 Kxg7 26. Re2 Qd7 27. Qe1 Nf6 28. cxb4
cxb4 29. b3 Qd4 30. Rxd2 Qxd2 31. Qxd2 Rxd2 32. Re1 Ng4 33. Re2 Rd1+ 34. Kg2 Ne5
35. Rc2 Rb1 36. f4 Nxc4 37. bxc4 b3 38. Rc3 b2 39. Rb3 Rc1 40. Rxb2 Rxc4 41. a5
Rc5 42. a6 Rc6 43. Ra2 Kf6 44. Ra3 Ke7 45. Kf3 Kd6 46. g4 Kc5 47. Rd3 Rc7 48.
Rb3 Kd6 49. Rb8 Rc6 50. Rb7 Rc7 51. Rb8 Rc6 1/2-1/2

[Event "ch-RUS Blitz 2017"]
[Site "Sochi RUS"]
[Date "2017.10.02"]
[Round "16.10"]
[White "Fedoseev, Vladimir3"]
[Black "Yuffa, Daniil"]
[Result "1-0"]
[WhiteTitle "GM"]
[BlackTitle "GM"]
[WhiteElo "2731"]
[BlackElo "2527"]
[WhiteFideId "24130737"]
[BlackFideId "24131423"]
[EventDate "2017.10.02"]
[EventType "blitz"]

1. e4 Nf6 2. Nc3 d5 3. exd5 Nxd5 4. Nge2 c6 5. g3 Bg4 6. Bg2 e6 7. O-O Nd7 8.
Qe1 Nb4 9. Qd1 Nd5 10. h3 Bh5 11. Qe1 Bd6 12. d3 O-O 13. f4 Bxe2 14. Qxe2 Qa5
15. Ne4 Be7 16. a3 Rae8 17. Kh2 Qc7 18. c4 N5f6 19. Be3 Nxe4 20. dxe4 e5 21. b4
a5 22. c5 axb4 23. axb4 Ra8 24. f5 Rfd8 25. Qc4 Kf8 26. Bf3 Nf6 27. g4 Rxa1 28.
Rxa1 h6 29. h4 Qd7 30. g5 hxg5 31. hxg5 Nh7 32. g6 fxg6 33. fxg6 Ng5 34. Bg2 Qe6
35. Rf1+ Kg8 36. Qxe6+ Nxe6 37. Rf7 Bg5 38. Bxg5 Nxg5 39. Rxb7 Ne6 40. Bh3 Nf4
41. Bd7 Nxg6 42. Bxc6 Nf4 43. Kg3 Kh7 44. Bd7 Nd3 45. c6 Rf8 46. Bf5+ Kh6 47. c7 1-0